000 00603nam a22002297a 4500
003 UA-OsUOA
001 96365
007 ta
008 20130319b un ||||| |||| 00| 0 ukr d
100 _aМакшанихин П.
090 _a821.161.1
_bМ17
942 _cBK
040 _aUA-OsUOA
_brus
_cUA-OsUOA
_dUA-OsUOA
245 _aРодимая сторонка
_bроман
300 _a412 с.
955 _a3
041 _arus
080 _a821.161.1
260 _aСвердловск
_c1964
650 7 _a82 Література. Літературознавство
_2UDC
999 _c382622
_d382622